000 00521nam a2200169 4500
001 115868
003 ES-MaACL
005 20231228173804.0
007 t|
008 061121s1925 sp r ||||1| spa d
100 1 _aOrs, Eugenio d',
_d1881-1954
_987358
245 1 0 _aCèzanne
_b: con 100 reproducciones de pinturas y dibujos del artista /
_cEugenio d'Ors.
260 _aMadrid :
_bRafael Caro Raggio,
_c1925.
300 _a139 p. ;
_c16 cm.
852 _aES-MaACL
_jF-442
_bR.4694
999 _c115868
_d115868